Normal view
MARC view
- United Nations.
Entry Topical Term
001 - CONTROL NUMBER
- control field: 57350
003 - CONTROL NUMBER IDENTIFIER
- control field: OSt
005 - DATE AND TIME OF LATEST TRANSACTION
- control field: 20240618105453.0
008 - FIXED-LENGTH DATA ELEMENTS
- fixed length control field: 240618|| aca||aabn | a|a d
040 ## - CATALOGING SOURCE
- Original cataloging agency: OSt
- Transcribing agency: OSt
150 ## - HEADING--TOPICAL TERM
- Topical term or geographic name entry element: United Nations.
670 ## - SOURCE DATA FOUND
- Source citation: Work cat.: (OSt)20333: Basu, Rumki. 57339, The united nations :, ©2010.
